Contabilidad e inflación: el ajuste integral, los revalúos legales, contables e impositivos

Zapisane w:
Opis bibliograficzny
Główni autorzy: Lisdero, Arturo E. (autor), Outeiral, Luis E (Autor)
Format: Książka
Język:hiszpański
Wydane: Buenos Aires Macchi 1973
Hasła przedmiotowe:
Etykiety: Dodaj etykietę
Nie ma etykietki, Dołącz pierwszą etykiete!

MARC

LEADER 00000nam a2200000 a 4500
001 UCR9861
003 CL-VaPUC
008 980619e19730000AG |||||||||||||||||spa|d
082 0 4 |a 657.48  |b LIS  |2 21 
100 |a Lisdero, Arturo E.  |e autor  |9 412818 
700 0 |a Outeiral, Luis E  |e author  |9 412819 
245 1 0 |a Contabilidad e inflación: el ajuste integral, los revalúos legales, contables e impositivos 
300 |a 591 p 
942 |c BK 
945 |d 19980619 00:00:00  |a cmena 
260 |a Buenos Aires  |b Macchi  |c 1973 
650 0 |a Contabilidad   |9 261430 
650 0 |a Administración financiera  |9 261146 
650 0 |a Inflación   |9 257218 
650 0 |a Amortización  |9 365723 
650 0 |a Auditoría  |9 307008 
650 0 |a Contabilidad de costos   |9 260564 
650 0 |a Costos   |9 261063 
650 0 |a Estados de cuentas  |9 352305 
650 0 |a Control presupuestario  |9 345693 
650 0 |a Operaciones administrativas  |9 335045 
583 |a last modification  |c 19980619 00:00:00  |k Rodrigo Vera 
999 |c 271037  |d 271035 
952 |0 0  |1 0  |4 0  |6 657_480000000000000_LIS_1973  |7 0  |8 A  |9 305528  |a BIBENE  |b BIBENE  |d 2019-11-20  |i 1422421  |o 657.48 LIS 1973  |p 1422421  |r 2025-01-15  |w 2019-11-20  |y BK  |k ICO 
952 |0 0  |1 0  |4 0  |6 657_480000000000000_LIS_1973  |7 0  |8 A  |9 305529  |a BIBGIM  |b BIBGIM  |d 2019-11-20  |i 1431382  |o 657.48 LIS 1973  |p 1431382  |r 2025-01-15  |w 2019-11-20  |y BK  |k COM